000 01440nam0a22002771 4500
001 rc\2615897
005 20250623140349.0
035 _a(NLR Aleph) 006779651
090 _a6030724
_c6030724
100 _a20110914d1931 |||y0rusy50 ca
101 1 _arus
_cpol
102 _aRU
105 _aa z |||||
200 1 _aОсновы применения воздушных сил
_eС 10 рис. и 27 черт. и схем
_fЭ. Гюименэ
_gПер. с польск. Г. Григорьева
_gПод ред. и с пред. С. Меженикова
210 _aМосква
_cОгиз - Гос. воен. изд-во
_d1931
_eЛенинград
_gЛОЦТ им. К. Ворошилова
215 _a203 с., 4 вкл. л. схем.
_cил.
_d23х15 см.
300 _aНа обороте тит. л.: "Edmond Guillemeney, podpulkownik s. g. pilot-obserwator. O sposobach uzycia aeronautiki. Uwagi praktyczne poparte studijum konkretnych wypadkow na mapie polski. Tlumaczyl jungraw Jozef Maksymijan, kapitan-obserwator. 1927 - Warszawa - 1928"
700 1 _aГюименэ
_bЭ.
_gЭдмонд
702 1 _4340
_4080
_aМеженинов
_bС. А.
_c1890-1937
_fвоен. деятель
_gСергей Александрович
_9199662
_3RU\NLR\AUTH\770199713
702 1 _aГригорьев
_bГ.
_4730
801 0 _aRU
_bNLR
_gpsbo
801 1 _aRU
_bELAR
_2rusmarc
852 _aNLR
_j31-4/668
942 _cBOOK
980 _aNB